Les clubs de Ligue 1 (2022-2023) - Statistiques

Statistiques générales
  • Ce quiz a été pris 51 fois
  • Le résultat moyen est 7 sur 20
Statistiques - réponses
Clubs : % Correct
OM
87%
Paris Saint Germain
87%
OL
83%
OGC Nice
47%
AS Monaco
38%
RC Lens
36%
Toulouse FC
36%
FC Lorient
30%
AJ Auxerre
28%
FC Nantes
28%
AC Ajaccio
26%
RC Strasbourg
26%
Angers SCO
23%
LOSC Lille
23%
Stade Rennais FC
17%
Montpellier HSC
15%
Stade Brestois 29
15%
Stade De Reims
15%
Clermont Foot 63
13%
ES Troyes AC
6%
Aucun quiz correspondant
Distribution des résultats
% des personnes avec chaque résultat
Percentile par nombre de réponses
Votre historique - résultats
Vous n’avez pas pris ce quiz